Music Quiz

Random Music or Song Quiz

Black or White Song Titles Quiz Stats

 Plays Quiz Updated Oct 9, 2017

Score 0/25 Timer 03:00
6 Plays Today
Question Answer Wrong Answers
Fade To _____
(Metallica, 1984)
Black
97%
White
2.5%
Pretty Fly (For a _____ Guy)
(The Offspring, 1998)
White
95.2%
Black
4%
Men In _____
(Will Smith, 1997)
Black
95%
White
0.7%
Man in _____
(Johnny Cash, 1971)
Black
94%
White
2.8%
_____ Widow
(Iggy Azalea feat. Rita Ora, 2014)
Black
93.9%
White
3.4%
_____ Wedding
(Billy Idol, 1982)
White
93.4%
Black
6.5%
Back In _____
(AC/DC, 1980)
Black
93.3%
White
1.4%
_____ Magic Woman
(Fleetwood Mac,1968)
Black
91.8%
White
4.2%
Back to _____
(Amy Winehouse, 2006)
Black
91.3%
White
4.7%
Paint It, ____
( The Rolling Stones, 1966)
Black
89.9%
White
6.7%
_____ Betty
(Ram Jam, 1977)
Black
89.7%
White
5.6%
_____ & Nerdy
('Weird Al' Yankovic, 2006)
White
87.1%
Black
9.1%
_____ Rabbit
(Jefferson Airplane, 1967)
White
86%
Black
9.3%
_____ Unicorn
(Wolfmother, 2005)
White
85.4%
Black
10%
_____ Hole Sun
(Soundgarden, 1994)
Black
82.8%
White
11.7%
_____ Light/_____ Heat
(The Velvet Underground, 1968)
White
81%
Black
14.4%
_____ Liar
(Miranda Lambert, 2009)
White
80.1%
Black
14.1%
_____ America
(Eminem, 2002)
White
79%
Black
15.4%
_____ Riot
(The Clash, 1977)
White
74.4%
Black
22.6%
_____ Dwarf
(A-ha, 2005)
White
69.9%
Black
28.6%
Great Big _____ World
(Marilyn Manson, 1998)
White
67.5%
Black
28.8%
_____ Flag
(Dido, 2003)
White
67.2%
Black
27.7%
_____ Horse and the Cherry Tree
(KT Tunstall, 2005)
Black
65.9%
White
25.2%
Welcome To The _____ Parade
(My Chemical Romance, 2006)
Black
56.7%
White
39%
_____ Horse
(Taylor Swift, 2008)
White
53.7%
Black
44.4%

You're not logged in!

Compare scores with friends on all Sporcle quizzes.
OR
Log In

You Might Also Like...

Show Comments

Extras

Top Quizzes Today


Score Distribution

Your Account Isn't Verified!

In order to create a playlist on Sporcle, you need to verify the email address you used during registration. Go to your Sporcle Settings to finish the process.

Report this User

Report this user for behavior that violates our Community Guidelines.

Details: